000
00246nam a2200097Ia 4500
005
20250424112833.0
008
250424s9999 xx 000 0 und d
300
_a
192 p.; 26 cm.
650
_a
United States--Foreign economic relations.
942
_c
SR
999
_c
37420
_d
37420